000 00794nam a2200217Ii 4500
003 JO-AjNU
008 230605s9999||||xx |||||||||||||| ||und||
017 _a1990/1074
040 _aJO-AjNU
_bara
_erda
_cJO-AjNU
041 _aara
050 1 4 _aPJ7541.H3 1990
100 3 _aالحكيم،هاشم محمد سعيد,
_eauthor
_98716
245 0 0 _aشعراء العرب من أصواتهم، الجزء الأول
264 3 1 _aبغداد: شركة التايمس للطبع والنشر المساهمة، 1990
300 _aج1، 210ص
336 _atext
_btxt
_2rdacontent
337 _aunmediated
_bn
_2rdamedia
338 _avolume
_bnc
_2rdacarrier
490 0 _aسلسلة المكتبة الصوتية (1)
650 4 _aالشعر العربي - تحليل ونقد - تراجم
_98717
999 _aA931
_c4499
_d4499